|
|
|
|
| LEADER |
00000nam0a2200000 4500 |
| 001 |
31479 |
| 005 |
20231030204506.0 |
| 035 |
|
|
|a (RuTPU)RU\TPU\book\31757
|
| 035 |
|
|
|a BOOK00000048
|
| 090 |
|
|
|a 31479
|
| 100 |
|
|
|a 20011209d2000 m y0rusy50 ca
|
| 101 |
0 |
|
|a rus
|
| 102 |
|
|
|a RU
|
| 105 |
|
|
|a y z 00 zy
|
| 200 |
1 |
|
|a Формирование себестоимости в 2000 году
|f В. И. Макарова
|
| 210 |
|
|
|a Москва
|c Главбух
|d 2000
|
| 215 |
|
|
|a 139 с.
|
| 225 |
1 |
|
|a Библиотека журнала "Главбух"
|
| 610 |
1 |
|
|a экономика
|
| 610 |
1 |
|
|a бухгалтерский учет
|
| 610 |
1 |
|
|a себестоимость
|
| 610 |
1 |
|
|a продукция
|
| 610 |
1 |
|
|a материальные затраты
|
| 610 |
1 |
|
|a оплата труда
|
| 610 |
1 |
|
|a налоги
|
| 610 |
1 |
|
|a аренда
|
| 610 |
1 |
|
|a платежи
|
| 610 |
1 |
|
|a затраты
|
| 610 |
1 |
|
|a материальные затраты
|
| 675 |
|
|
|a 657.22
|v 3
|
| 700 |
|
1 |
|a Макарова
|b В. И
|
| 801 |
|
0 |
|a RU
|b 63413507
|c 20011209
|g PSBO
|
| 801 |
|
2 |
|a RU
|b 63413507
|c 20050812
|g PSBO
|
| 942 |
|
|
|c BK
|